The joy of the gospal of life: (Record no. 141136)

MARC details
000 -LEADER
fixed length control field 00632nam a22001817a 4500
005 - DATE AND TIME OF LATEST TRANSACTION
control field 20170615122134.0
010 ## - LCCN (DPL NO)
LC control number ENG-118661
020 ## - INTERNATIONAL STANDARD BOOK NUMBER
International Standard Book Number 9788184655834
Terms of availability 175.00
035 ## - SYSTEM CONTROL NUMBER
System control number EN-102193
037 ## - SOURCE OF ACQUISITION
Source of stock number/acquisition DBAD/PUB
082 ## - DEWEY DECIMAL CLASSIFICATION NUMBER
Classification number 325.3410934
100 ## - MAIN ENTRY--PERSONAL NAME
Personal name Nalunnakkal, Geevarghese Coorilos
245 ## - TITLE STATEMENT
Title The joy of the gospal of life:
Statement of responsibility, etc by Geevarghese Coorilos Nalunnakkal
Remainder of title Contextual reflections on mission and evangelism /
260 ## - PUBLICATION, DISTRIBUTION, ETC. (IMPRINT)
Place of publication, distribution, etc Delhi
Name of publisher, distributor, etc ISPCK
Date of publication, distribution, etc 2017
270 ## - ADDRESS
Address Post Box 1585, 1654, Madarsa Road, Kashmere Gate, Delhi-110006
300 ## - PHYSICAL DESCRIPTION
Extent xvii,163p
Dimensions 22cm.(pbk)
942 ## - ADDED ENTRY ELEMENTS (KOHA)
Source of classification or shelving scheme Dewey Decimal Classification
Item type English Books
Classification part 325.3410934
Call number suffix NAL
Holdings
Withdrawn status Lost status Not for loan Collection code Home library Current library Date acquired Source of acquisition Cost, normal purchase price Full call number Barcode Copy number Cost, replacement price Koha item type
      Non-fiction Shahdara Branch Shahdara Branch 15/06/2017 DBAD/PUB 175.00 325.3410934 NAL EN-102193 1 175.00 English Books

© Delhi Public Library
Hit Counter
free hit counter